000
00300nam a22001337a 4500
008
190205b xxu||||| |||| 00| 0 eng d
020
_a
076783004955
041
_a
eng
080
_a
038
100
_a
23
101
_a
FJA
245
_a
Spanish & English Dictionary
_c
Williams,E.B
942
_2
udc
_c
BK
999
_c
54068
_d
54068